=LDR 00000nam 2200000 4500 =001 000984 =005 20250712021719 =035 ##$$a 0010-0725000863 =007 ta =008 250712################a##########0#ind## =020 ##$$a 987-623-118-843-4 =082 ##$$a 398. 209 598 =084 ##$$a 398. 209 598 NUR j =100 #$$a Nurmayati, Yeti =245 1#$$a Jangan Salah Buang, Dong ! /$c Yeti Nurmayati =250 ##$$a Cetakan Pertama =260 ##$$a Jakarta Timur :$b Badan Pengembangan dan Pembinaan Bahasa,$c 2024 =300 ##$$a 28 hlm. : $b Ilus. ; $c 29,7 cm =650 #4$$a Cerita Anak-Indonesia =990 ##$$a TBM2024006245